000 00982nam a2200301 i 4500
001 000027595
003 DO-SdBNP
005 20260113081720.0
007 ta
008 110401s1976 dr 000 0 spa d
040 _aDO-SdBNP
_bspa
_cBNPHU
_erda
041 _aspa
082 _axxx
_bG216e
_222
100 1 _aGarcía, Alcides
_dautor
_954689
245 1 0 _aEnsayos sobre el 27 de febrero /
_cAlcides García, Leonidas García, Vetilio Alfau Durán.
264 _aSanto Domingo :
_bEditora Taller,
_c1976.
300 _a94 páginas ;
_c21 cm.
336 _ardacontent
_btexto
_2txt
337 _ardamedia
_bsin mediación
_2n
338 _ardacarrier
_bvolumen
_2nc
500 _aIncluye referencias bibliográficas y notas al pie de las páginas
590 _aInventariado,2026 /DG
700 1 _aGarcía, Leonidas
_954690
700 1 _aAlfau Durán, Vetilio,
_d1909-1985
_910091
710 1 _aSecretaría de Estado de Educación
_912759
910 _aDG
942 _2ddc
_cLBS1
999 _c27087
_d27087